[Event "Mantenha o respeito"]
[Site "http://www.queenalice.com/game.php?id=1238208"]
[Date "2013.12.6"]
[Round "-"]
[White "favarao90"]
[Black "megagro"]
[Result "1-0"]
[WhiteElo "1608"]
[BlackElo "1403"]

1. e4 e5 2. f4 exf4 3. Nf3 d5 4. d3 dxe4 5. dxe4 Qxd1+ 6. Kxd1 Nf6 7. Nc3 Bg4 8.
Bxf4 Nc6 9. Kd2 O-O-O+ 10. Bd3 Bb4 11. Rad1 Nxe4+ 12. Kc1 Nf2 13. Ng5 Bxd1 14.
Nxf7 Nxh1 15. Nxd8 Rxd8 16. Nxd1 Bc5 17. Bg5 1-0

[Event "Challenge"]
[Site "http://www.queenalice.com/game.php?id=1242596"]
[Date "2013.12.25"]
[Round "-"]
[White "WILSONCSQ"]
[Black "favarao90"]
[Result "1-0"]
[WhiteElo "1672"]
[BlackElo "1650"]

1. e4 e5 2. Nf3 Nc6 3. c3 Bc5 4. d4 exd4 5. cxd4 Bb4+ 6. Bd2 d5 7. exd5 Qxd5 8.
Bxb4 Nxb4 9. Qa4+ Nc6 10. Nc3 Qa5 11. Qc4 Be6 12. d5 1-0

[Event "agora vai ozzygay"]
[Site "http://www.queenalice.com/game.php?id=1243098"]
[Date "2013.12.27"]
[Round "-"]
[White "vierad2"]
[Black "favarao90"]
[Result "0-1"]
[WhiteElo "1296"]
[BlackElo "1627"]

1. c3 d5 2. d4 Nc6 3. b4 Nf6 4. f3 e5 5. e3 Bd6 6. g4 h6 7. Bb5 O-O 8. Nh3 exd4
9. Bxc6 bxc6 10. Qxd4 h5 11. g5 Bxh3 12. gxf6 Qxf6 13. Qxf6 gxf6 14. f4 f5 15.
a4 a5 16. Rg1+ Kh7 17. Rg3 Bg4 18. h3 h4 19. Rg1 Bxh3 20. Rh1 Bg4 21. Rxh4+ Kg6
22. Ba3 axb4 23. Bxb4 c5 0-1

[Event "Cancela agora fdp"]
[Site "http://www.queenalice.com/game.php?id=1243171"]
[Date "2013.12.27"]
[Round "-"]
[White "megagro"]
[Black "favarao90"]
[Result "1-0"]
[WhiteElo "1360"]
[BlackElo "1636"]

1. e4 e5 2. Nf3 Nc6 3. c4 Bc5 4. a3 a5 5. Nc3 Nf6 6. Nb5 Nxe4 7. d4 exd4 8.
Nfxd4 Nxd4 9. Nxd4 O-O 10. Nf5 Nxf2 11. Qd5 Qe8+ 12. Be2 Nxh1 13. Qxc5 d6 14.
Qg1 Bxf5 15. Qxh1 Bd3 16. Qf1 Bxc4 17. Kd2 d5 18. Bxc4 dxc4 19. Qxc4 b5 20. Qxc7
Qd8+ 21. Qxd8 Rfxd8+ 22. Kc3 Rd1 23. b4 Rc8+ 24. Kb2 Rdxc1 25. Rxc1 Rxc1 26.
Kxc1 axb4 27. axb4 f5 28. Kd2 g5 29. Kd3 h5 30. Kd4 Kf7 31. Kc5 Ke7 32. Kxb5 g4
33. Kc4 f4 34. Kd3 Kf6 35. Ke4 Kg5 36. b5 Kh4 37. Kxf4 1-0

[Event "Challenge"]
[Site "http://www.queenalice.com/game.php?id=1252034"]
[Date "2014.1.28"]
[Round "-"]
[White "hambu1"]
[Black "favarao90"]
[Result "0-1"]
[WhiteElo "1631"]
[BlackElo "1631"]

1. e4 e5 2. d3 d5 3. exd5 Qxd5 4. Nc3 Qd4 5. Be3 Qb4 6. Qc1 Nf6 7. a3 Qg4 8. h3
Qd7 9. Nf3 Bd6 10. d4 exd4 11. Nxd4 O-O 12. Bd3 Bc5 13. Nce2 Re8 14. Qd2 Bxd4
0-1

[Event "he he hey"]
[Site "http://www.queenalice.com/game.php?id=1270882"]
[Date "2014.4.6"]
[Round "-"]
[White "favarao90"]
[Black "megagro"]
[Result "1-0"]
[WhiteElo "1623"]
[BlackElo "1395"]

1. e4 e5 2. Nf3 Nc6 3. d4 d6 4. Bc4 Bg4 5. d5 Na5 6. Bd3 b6 7. O-O Bxf3 8. Qxf3
f6 9. Be3 g5 10. b4 Nb7 11. Bb5+ Ke7 12. Bc6 Rb8 13. Qf5 Kf7 14. Bxg5 Nh6 15.
Qe6+ Kg6 16. f4 Qe7 17. Qxe7 Bxe7 18. Bxh6 Kxh6 19. f5 Nd8 20. Nc3 Nf7 21. Rf3
Kg5 22. Nb5 a5 23. bxa5 bxa5 24. Nxc7 Nh6 25. Ne6+ Kh4 26. Rg3 Rb2 27. a4 Rxc2
28. Rg7 Bf8 29. Nxf8 Rxf8 30. Ra3 Rc1+ 31. Kf2 Ng4+ 32. Ke2 Rc2+ 33. Ke1 Rxg2
34. Rxh7+ Kg5 35. Rg7+ Kf4 36. h3 Rb8 37. Rxg4+ Rxg4 38. hxg4 Kxe4 39. Bb5 Kf4
40. Rc3 Kxg4 41. Rc6 Rd8 42. Ra6 Kxf5 43. Bd3+ e4 44. Bc2 Kf4 45. Rxa5 e3 46.
Bd1 Ke4 47. Rb5 f5 48. a5 Rc8 49. a6 Ra8 50. Ra5 Ra7 51. Be2 f4 52. Ra4+ Kxd5
53. Rxf4 Ke5 54. Ra4 d5 55. Bd3 d4 56. Ra5+ Kf4 57. Rd5 Kf3 58. Rxd4 Rc7 59.
Be2+ Kg3 60. Re4 Rc1+ 61. Bd1 Ra1 62. Rxe3+ 1-0

[Event "AUTO-INT-2723"]
[Site "http://www.queenalice.com/game.php?id=1273279"]
[Date "2014.4.14"]
[Round "2"]
[White "favarao90"]
[Black "NickThorp"]
[Result "1/2-1/2"]
[WhiteElo "1650"]
[BlackElo "1731"]

1. e4 e5 2. Nf3 Nc6 3. d4 exd4 4. Nxd4 Nxd4 5. Qxd4 d6 6. Bc4 Nf6 7. O-O c5 8.
Qd3 b6 9. e5 dxe5 10. Bxf7+ Ke7 11. Qxd8+ Kxd8 12. c4 Bf5 13. Be3 Bd6 14. Rd1
Ke7 15. Bd5 Nxd5 16. cxd5 Bxb1 17. Raxb1 h6 18. h4 Rhf8 19. g3 c4 20. Kg2 b5 21.
a3 a5 22. b4 a4 23. Bc5 Kd7 24. Rb2 g5 25. hxg5 hxg5 26. Kh3 Rh8+ 27. Kg4 Rag8
28. Re2 Rh2 29. Be3 Be7 30. d6 Bxd6 31. Bc5 Rg6 32. Bxd6 Rxd6 33. Rxd6+ Kxd6 34.
Kxg5 Ke6 35. Kg4 Kf6 36. Kf3 Rh5 37. Kg2 Kf5 38. Kf3 Ke6 39. Kg4 Rf5 40. f4 Kf6
41. fxe5+ Rxe5 42. Rf2+ Kg6 43. Rf3 Rg5+ 44. Kh3 Kh5 45. Rf6 Rg6 46. Rf5+ Rg5
47. g4+ Kg6 48. Rf3 Rd5 49. Kg2 Kg5 50. Kg3 Rd3 51. Rxd3 cxd3 52. Kf2 1/2-1/2

[Event "AUTO-INT-2723"]
[Site "http://www.queenalice.com/game.php?id=1273280"]
[Date "2014.4.14"]
[Round "2"]
[White "NickThorp"]
[Black "favarao90"]
[Result "0-1"]
[WhiteElo "1711"]
[BlackElo "1630"]

1. e4 e5 2. Nf3 Nc6 3. Bb5 Nf6 4. O-O d5 5. exd5 Qxd5 6. Bxc6+ Qxc6 7. d4 exd4
8. Nxd4 Qd5 9. Qe2+ Be7 10. Nf3 Be6 11. Nc3 Qc4 12. Re1 Qxe2 13. Rxe2 O-O 14.
Bg5 Rfe8 15. Rd1 h6 16. Bh4 Bc4 17. Red2 Bc5 18. Bxf6 gxf6 19. Rd7 Bb6 20. b3
Be6 21. R7d2 c5 22. a4 Ba5 23. Rd3 c4 24. Nd4 cxd3 25. Rxd3 Bc4 26. Rg3+ Kh7 27.
Nf3 Bxc3 28. bxc4 Rad8 29. h3 Rd1+ 30. Kh2 Be5 31. Nxe5 fxe5 32. Rc3 f5 33. f3
e4 34. fxe4 fxe4 35. Re3 Ra1 36. Kg3 Rxa4 37. Kf2 Rxc4 38. c3 b5 39. Ke2 b4 40.
cxb4 Rxb4 41. Kd2 a5 42. Kc3 Rc8+ 43. Kd2 Rb2+ 44. Ke1 Rc1# 0-1

[Event "Challenge"]
[Site "http://www.queenalice.com/game.php?id=1279693"]
[Date "2014.5.7"]
[Round "-"]
[White "eduardocosta"]
[Black "favarao90"]
[Result "0-1"]
[WhiteElo "1764"]
[BlackElo "1654"]

1. e3 e5 2. Be2 d5 3. Nf3 e4 4. Nd4 Nf6 5. d3 exd3 6. cxd3 Bd6 7. Qc2 O-O 8. Nb5
Bb4+ 9. Bd2 Bxd2+ 10. Nxd2 Nc6 11. Bf3 d4 12. Bxc6 bxc6 13. Nxd4 c5 14. Qxc5 Ba6
15. Nc4 Bxc4 16. Qxc4 Nd5 17. Qc5 Qd7 18. Nc6 Qd6 19. Qc2 Nb4 20. Qc3 Nxc6 21.
d4 Qb4 22. O-O Qxc3 23. bxc3 Rab8 24. c4 Rfd8 25. c5 Rb2 26. a4 Nb4 27. a5 a6
28. g3 h6 29. h4 f5 30. Kg2 Nd3 31. Rab1 Rb5 32. Ra1 g5 33. hxg5 hxg5 34. Kf3
Rf8 35. Ke2 Nb2 36. Rh1 f4 37. gxf4 gxf4 38. Rag1+ Kf7 39. Rh7+ Ke8 40. Rxc7
fxe3 41. fxe3 Rxa5 42. Rb1 Ra2 43. Ke1 Nd3+ 44. Kd1 Rf1# 0-1

[Event "favaraco"]
[Site "http://www.queenalice.com/game.php?id=1281590"]
[Date "2014.5.14"]
[Round "-"]
[White "favarao90"]
[Black "vierad2"]
[Result "1-0"]
[WhiteElo "1678"]
[BlackElo "1314"]

1. e4 e5 2. d4 exd4 3. Qxd4 Nc6 4. Qe3 d5 5. exd5+ Nce7 6. Bb5+ c6 7. dxc6 Qa5+
8. Nc3 a6 9. cxb7+ axb5 10. bxa8=Q Qxa8 11. Nxb5 Qa5+ 12. Nc3 Nf6 13. Nf3 Nd5
14. Qe5 f6 15. Qd4 Nc6 16. Qxd5 Qxd5 17. Nxd5 Bc5 18. Be3 Be6 19. O-O-O Bxe3+
20. Nxe3 Bxa2 21. Rhe1 O-O 22. b3 Nb4 23. Kb2 Ra8 24. Nd5 Nc6 25. Ne7+ Kf7 26.
Nxc6 Rc8 27. Nd8+ Kf8 28. Rd7 Bxb3 29. cxb3 Kg8 30. Re8# 1-0

[Event "Challenge"]
[Site "http://www.queenalice.com/game.php?id=1282636"]
[Date "2014.5.19"]
[Round "-"]
[White "megagro"]
[Black "favarao90"]
[Result "0-1"]
[WhiteElo "1363"]
[BlackElo "1674"]

1. e4 e5 2. Nc3 Nf6 3. d4 exd4 4. Qxd4 Nc6 5. Qd1 Bc5 6. Be3 d6 7. Bxc5 dxc5 8.
Qxd8+ Nxd8 9. f4 O-O 10. f5 Re8 11. Bd3 Bxf5 12. O-O-O Nxe4 13. Bxe4 Bxe4 14.
Nxe4 Rxe4 15. Nf3 Re2 16. Rde1 Rxe1+ 17. Rxe1 Ne6 18. Ne5 Re8 19. Nd7 Rd8 20.
Rd1 h6 21. a3 a5 0-1

[Event "Challenge"]
[Site "http://www.queenalice.com/game.php?id=1285177"]
[Date "2014.5.31"]
[Round "-"]
[White "eduardocosta"]
[Black "favarao90"]
[Result "0-1"]
[WhiteElo "1757"]
[BlackElo "1680"]

1. e3 e5 2. Be2 d5 3. Nf3 e4 4. Nd4 Bc5 5. Nb3 Bb6 6. d3 f5 7. dxe4 fxe4 8. Bg4
Nf6 9. Bxc8 Qxc8 10. N3d2 O-O 11. c4 c6 12. cxd5 cxd5 13. b3 Ng4 14. O-O Nc6 15.
Nc3 Qd7 16. Ndxe4 Qf5 17. Qxd5+ Qxd5 18. Bb2 Qe5 19. Ng3 Rad8 20. Na4 Qb5 21. h3
Nge5 22. Nc3 Qb4 23. Nb1 Bc5 24. Bc3 Qh4 25. Nd2 Qf6 26. Nde4 Qe7 27. Rfb1 Bb4
28. Bxb4 Nxb4 29. Rc1 Ned3 30. Rf1 Nc5 31. Nc3 Nc2 32. Rac1 Rd2 33. Nb1 Rdxf2
34. Rxf2 Rxf2 35. Kxf2 Qxe3+ 0-1

[Event "Challenge"]
[Site "http://www.queenalice.com/game.php?id=1290532"]
[Date "2014.6.26"]
[Round "-"]
[White "eduardocosta"]
[Black "favarao90"]
[Result "1-0"]
[WhiteElo "1803"]
[BlackElo "1699"]

1. e3 e5 2. Be2 d5 3. Nf3 e4 4. Nd4 Nf6 5. c4 c5 6. Nb3 d4 7. exd4 cxd4 8. d3
Nc6 9. O-O Bb4 10. dxe4 O-O 11. a3 Be7 12. Bf3 d3 13. Be3 a6 14. Nc1 Be6 15. b3
Nd4 16. Qxd3 Nxf3+ 17. gxf3 Bd6 18. Nd2 Ne8 19. Qe2 Qh4 20. f4 f6 21. Nf3 Qg4+
22. Kh1 Bxf4 23. Bxf4 Qxf4 24. Nd4 Bg4 25. Qe3 Qe5 26. Nd3 Qh5 27. Nf4 Qe5 28.
b4 Nd6 29. c5 Nxe4 30. Nd3 Qd5 31. Nf4 Qe5 32. Nf3 Bxf3+ 33. Qxf3 Nd2 34. Qg4
Nxf1 35. Rxf1 Rfe8 36. Nh5 Re7 37. Ng3 Rd8 38. h4 g5 39. hxg5 fxg5 40. Kg2 Kh8
41. Kg1 Rf7 42. Qc4 Rf4 43. Qb3 Rh4 44. Qf3 Rb8 45. Kg2 g4 46. Qd1 Rf8 47. Re1
Qc3 48. Re3 Qf6 49. Qd2 Rd8 50. Qe2 Qc6+ 51. Kg1 b6 52. Re6 Qf3 53. Qe5+ Kg8 54.
Qg5+ 1-0

[Event "Challenge"]
[Site "http://www.queenalice.com/game.php?id=1292205"]
[Date "2014.7.3"]
[Round "-"]
[White "ORNELAS"]
[Black "favarao90"]
[Result "0-1"]
[WhiteElo "1660"]
[BlackElo "1687"]

1. e4 e5 2. Bc4 Nh6 3. Qf3 Bc5 4. d3 O-O 5. Bxh6 gxh6 6. Qg3+ Kh8 7. Nf3 d6 8.
Nbd2 Nc6 9. Nh4 Rg8 10. Qf3 Qxh4 11. O-O Be6 12. a3 Nd4 13. Qd1 Bg4 14. Bxf7
Bxd1 15. Raxd1 Rg7 16. g3 Qg4 17. Bd5 c6 18. Bb3 Rf8 19. Rfe1 Nxb3 20. cxb3
Bxf2+ 21. Kg2 Bxe1 22. Rxe1 Qg5 23. Nf1 Qg4 24. Ne3 Qf3+ 25. Kh3 Qf2 26. Nf5
Qxe1 27. Nxg7 Kxg7 28. b4 Qb1 29. Kh4 Qxb2 30. h3 Qxa3 31. g4 Qxb4 32. Kh5 Qd2
33. h4 Kf6 34. g5+ hxg5 35. Kh6 g4+ 36. Kxh7 Rf7+ 37. Kg8 Qh6 38. d4 Qg7# 0-1

[Event "Challenge"]
[Site "http://www.queenalice.com/game.php?id=1296376"]
[Date "2014.7.21"]
[Round "-"]
[White "eduardocosta"]
[Black "favarao90"]
[Result "0-1"]
[WhiteElo "1887"]
[BlackElo "1716"]

1. e3 e5 2. Be2 e4 3. d3 f5 4. dxe4 fxe4 5. Nc3 Nf6 6. Qd4 c5 7. Qe5+ Qe7 8. Qc7
Qd8 9. Qf4 d6 10. Nxe4 Nd5 11. Qf3 Nf6 12. Nxf6+ Qxf6 13. Qxf6 gxf6 14. b3 Bg7
15. Bb2 O-O 16. Bc4+ Kh8 17. Ne2 Nc6 18. Nf4 Nb4 19. Bd3 Nxd3+ 20. cxd3 b5 21.
Ne6 Bxe6 22. O-O c4 23. dxc4 bxc4 24. bxc4 Bxc4 25. Rfc1 d5 26. e4 Rab8 27. Ba3
f5 28. Bxf8 Bxa1 29. Bd6 Rd8 30. Rxa1 Rxd6 31. exf5 Rf6 32. g4 d4 33. Rc1 Bxa2
34. Ra1 Bd5 35. Rxa7 Rb6 36. h3 Rb1+ 37. Kh2 d3 38. Rd7 d2 39. Rxd5 d1=Q 40.
Rxd1 Rxd1 41. Kg3 Kg7 42. Kf4 Rh1 43. Kg3 h6 44. f3 Kf6 45. f4 Rg1+ 46. Kf3 Ra1
47. h4 Ra3+ 48. Kg2 h5 49. g5+ Kxf5 50. Kf2 Kxf4 51. g6 Rg3 52. Ke2 Rxg6 0-1

[Event "Challenge"]
[Site "http://www.queenalice.com/game.php?id=1296676"]
[Date "2014.7.23"]
[Round "-"]
[White "favarao90"]
[Black "vierad2"]
[Result "1-0"]
[WhiteElo "1712"]
[BlackElo "1407"]

1. e4 e5 2. Nf3 d6 3. Bc4 Bg4 4. O-O Nf6 5. Nc3 Nc6 6. h3 Bxf3 7. Qxf3 Nd4 8.
Qd1 c6 9. d3 h6 10. f4 Qb6 11. Na4 Qa5 12. c3 b5 13. b4 Qxa4 14. Qxa4 bxa4 15.
cxd4 exd4 16. e5 dxe5 17. fxe5 Nd5 18. b5 Ne3 19. Bxf7+ Kd7 20. bxc6+ Kxc6 21.
Rf4 Bc5 22. Bh5 Rab8 23. Bxe3 dxe3 24. Rc1 Kd5 25. d4 Bxd4 26. Rd1 Rb4 27. a3
Kxe5 28. axb4 e2+ 29. Rfxd4 exd1=Q+ 30. Rxd1 Rb8 31. Re1+ Kf5 32. Bg4+ Kf4 33.
Rf1+ Kg3 34. Rb1 a5 35. Bd7 Rxb4 36. Rxb4 axb4 37. Bxa4 g5 38. Bd1 Kh4 39. Kh2
h5 40. g3# 1-0

[Event "Challenge"]
[Site "http://www.queenalice.com/game.php?id=1302673"]
[Date "2014.8.19"]
[Round "-"]
[White "eduardocosta"]
[Black "favarao90"]
[Result "0-1"]
[WhiteElo "1889"]
[BlackElo "1739"]

1. e3 e5 2. Be2 d5 3. Nf3 e4 4. Nd4 Nf6 5. d3 Bc5 6. Nb3 Bd6 7. dxe4 dxe4 8. O-O
O-O 9. Nc3 a6 10. Nd2 Qe7 11. a3 b5 12. b4 c5 13. bxc5 Bxc5 14. Bb2 Bd7 15. Nb3
b4 16. axb4 Bxb4 17. Nd5 Qd6 18. Nxf6+ gxf6 19. c3 Qxd1 20. Rfxd1 Be7 21. Nd2 f5
22. Nc4 Bc5 23. Rd5 Rc8 24. Ra5 Bb5 25. Nd6 Bxd6 26. Bxb5 Bc7 27. Ra1 Bb6 28.
Rxf5 a5 29. Re5 Nc6 30. Rxe4 Rab8 31. Rg4+ Kf8 32. Rh4 Bd8 33. c4 Bxh4 34. Ba3+
Nb4 35. Bxb4+ axb4 36. Rb1 Rd8 37. g3 Be7 38. h4 h5 39. Kg2 Rd2 40. Kf3 Rb6 41.
Kg2 Rf6 42. Rf1 b3 43. e4 b2 44. Kh3 Rdxf2 45. Rb1 Ba3 46. Bd7 Rf1 0-1

[Event "Challenge"]
[Site "http://www.queenalice.com/game.php?id=1306279"]
[Date "2014.9.5"]
[Round "-"]
[White "ORNELAS"]
[Black "favarao90"]
[Result "1-0"]
[WhiteElo "1684"]
[BlackElo "1761"]

1. e4 e5 2. c3 d5 3. Qh5 Nc6 4. Bb5 g6 5. Qxe5+ Be6 6. Qxh8 Nf6 7. Bxc6+ bxc6 8.
e5 c5 9. exf6 d4 10. Qxh7 Qxf6 11. Nf3 O-O-O 12. O-O Bg4 13. Na3 Bxf3 14. gxf3
Qxf3 15. Qh4 d3 16. Nc4 f6 17. Ne3 g5 18. Qg4+ Qxg4+ 19. Nxg4 f5 20. Ne3 f4 21.
Ng4 Bg7 22. b4 cxb4 23. Bb2 bxc3 24. Bxc3 Bxc3 25. dxc3 d2 26. Ne5 Rd5 27. Nc6
Kb7 28. Ne7 Rd6 29. Nf5 Rd5 30. Ne7 Rd7 31. Nf5 c5 32. a4 c4 33. a5 a6 34. Nd4
Re7 35. Rab1+ Kc7 36. Nf3 g4 37. Nxd2 1-0

[Event "Challenge"]
[Site "http://www.queenalice.com/game.php?id=1385257"]
[Date "2015.9.25"]
[Round "-"]
[White "megagro"]
[Black "favarao90"]
[Result "0-1"]
[WhiteElo "1358"]
[BlackElo "1746"]

1. e4 e5 2. c4 c5 3. d3 Be7 4. f4 Nc6 5. Nf3 Nd4 6. Nxe5 Nh6 7. f5 O-O 8. Bxh6
Bf6 9. Bf4 d6 10. Nf3 Nxf3+ 11. Qxf3 Bxb2 12. Qg3 Bxa1 13. Bxd6 Qa5+ 14. Ke2
Qxa2+ 15. Kf3 Re8 16. f6 Bxf6 17. Bxc5 Qxb1 18. Bd6 Qd1+ 19. Kf4 g5+ 20. Ke3 Bg4
21. h3 Qc1+ 22. Kf2 Bd4+ 23. Qe3 Qxe3# 0-1